LEADER 01586nam a2200325 i 4500 001 000000355789 003 CaOOAMICUS 005 20231018095143.0 008 231018s2023 gw u000 u ger u 020 $a978-3-451-02332-3 040 $aSeMil$bita 041 $ager 245 00$aEwig wahr? :$bzur Genese und zum Anspruch von Glaubensüberzeugungen /$cherausgegeben von Gunda Werner, Saskia Wendel und Jessica Scheip. 264 1$aFreiburg ; Basel ; Wien :$bHerder,$c2023. 300 $a350 p. ;$c22 cm 490 1 $aQuaestiones disputatae ;$v332 500 $aNumero di appartenenza alla collana in occhietto erroneamente segnato 331 650 4$aTeologia femminista.$0(OLS)http://semarc/subject/7872 650 4$aFede e teologia.$0(OLS)http://semarc/subject/12767 650 4$aFede - Pretesa di assolutezza.$0(OLS)http://semarc/subject/54625 700 1 $aScheiper, Jessica,$d<1988- >.$0(OLS)http://semarc/name/118500 700 1 $aWerner, Gunda,$d<1971- >.$0(OLS)http://semarc/name/111882 700 1 $aWendel, Saskia,$d<1964- >.$0(OLS)http://semarc/name/44079 830 0$aQuaestiones disputatae ;$v332.$0(OLS)http://semarc/title/436628 850 $aSeMil 852 $aSeMil$W1$xVenegono$y1$m2TA J 332$j243950$B247011$CSeMilBibl$Z2$F247011 $81 996 $6020$a978-3-451-02332-3$9(OLS)http://semarc/number/299125 996 $6245$aEwig wahr? :$bzur Genese und zum Anspruch von Glaubensüberzeugungen$9(OLS)http://semarc/title/446015 996 $6264$aFreiburg ; Basel ; Wien :$bHerder$9(OLS)http://semarc/publisher/29643 LEADER 01413nas a2200289 i 4500 001 000000119225 003 CaOOAMICUS 005 20050829000000.0 008 050208b2005 gw uu u0 0mul r 013 $a91918 040 $aSeMil$bita 245 10$a2005 /$cin Verbindung mit Hanns Christof Brennecke, Hermann Lichtenberger und Loren T. Stuckenbruck ; sowie unter Mitwirkung von James D.G. Dunn ... [et al.] ; herausgegeben von Michael Wolter. 260 $aBerlin ; New York :$bDe Gruyter,$ccopyr. 2005. 300 $a291 p. ;$c23 cm. 700 1 $aBrennecke, Hanns Christof,$d<1947- >.$0(OLS)http://semarc/name/81 700 1 $aLichtenberger, Hermann.$0(OLS)http://semarc/name/35098 700 1 $aWolter, Michael,$d<1950- >.$0(OLS)http://semarc/name/14956 700 1 $aDunn, James Douglas Grant,$d<1939-2020>.$0(OLS)http://semarc/name/89997 700 1 $aStuckenbruck, Loren T.,$d<1960- >.$0(OLS)http://semarc/name/41939 773 0 $tZeitschrift für die Neutestamentliche Wissenschaft.$dGiessen ; Berlin : [s.n.] $x0044-2615$w()3138 774 0 $t[SENZA TITOLO].$w()259810 774 0 $t[SENZA TITOLO].$w()262309 850 $aSeMil 852 $aSeMil$W1$xVenegono$y1$m79 1 56$j74458$B74458$CSeMilBibl$Z2$F102059 $85 961 $aAbbonamento: De Gruyter 996 $6245$a2005$9(OLS)http://semarc/title/161053 996 $6260$aBerlin ; New York :$bDe Gruyter$9(OLS)http://semarc/publisher/29892